000 00262nam a22000977a 4500
999 _c11514
_d11514
008 190531b ||||| |||| 00| 0 eng d
020 _a9788183895231
100 _aJain Shivani
_97230
245 _aInformation Technology-X
260 _aNew Delhi
_bGoyal Brothers
_c2018